Finančný prenájom ako predmet účtovníctva bakalárska práca

Gespeichert in:
Bibliographische Detailangaben
1. Verfasser: Močarník, Tomáš
Körperschaft: Fakulta hospodárskej informatiky EU. Katedra účtovníctva a audítorstva
Weitere Verfasser: Tužinský, Martin
Format: Buch
Sprache:Slowakisch
Veröffentlicht: Bratislava 2009
Tags: Tag hinzufügen
Keine Tags, Fügen Sie das erste Tag hinzu!

MARC

LEADER 00000nam$a2200000$$$4500
001 0096278
005 20240318134636.7
041 0 |a slo 
044 |a SK 
245 1 0 |a Finančný prenájom ako predmet účtovníctva  |b bakalárska práca  |c Tomáš Močarník ; škol. Martin Tužinský 
264 1 |a Bratislava  |c 2009 
300 |a 36 s. 
100 1 |a Močarník, Tomáš 
700 1 |a Tužinský, Martin 
710 2 |a Fakulta hospodárskej informatiky EU. Katedra účtovníctva a audítorstva